000 00598nam a2200193Ia 4500
005 20260114185752.0
008 008 260114s9999 xx 000 0 eng d
020 _a9780755635276
037 _aEBOOK
040 _aCRL
_beng
_cCRL
041 _aeng
_2eng
084 _qCRL
100 _aDalia Said Mostafa and Amina Elbendary
_9874183
245 4 _aThe Egyptian Coffeehouse Culture, Politics and Urban Space
260 _bBloomsbury
_c2020
856 _uhttps://doi.org/10.5040/9780755635276?locatt=label:secondary_bloomsburyCollections
942 _cEBOOK
999 _c1473117
_d1473117